[Event "Tata Steel-A 82nd"]
[Site "Wijk aan Zee"]
[Date "2020.01.13"]
[Round "3"]
[White "Van Foreest, Jorden"]
[Black "Dubov, Daniil"]
[Result "1-0"]
[WhiteElo "2644"]
[BlackElo "2683"]
[Annotator "Van Foreest,J"]
[PlyCount "93"]
[EventDate "2020.01.11"]
[EventType "tourn"]
[EventRounds "13"]
[EventCountry "NED"]
[EventCategory "20"]
[SourceTitle "CBM 194"]
[Source "ChessBase"]
[SourceDate "2020.01.27"]
[SourceVersion "1"]
[SourceVersionDate "2020.01.27"]
[SourceQuality "1"]

1. e4 c5 2. Nf3 Nc6 3. c3 {I prepared the Alapin variation for this tournament
hoping it would catch my opponents off guard. Dubov is a renowned expert in
the Sveshnikov, and Rossolimo, while the Alapin is seldom seen at high level.}
Nf6 4. e5 Nd5 5. Bc4 Nb6 6. Bb3 c4 7. Bc2 d5 8. exd6 Qxd6 9. O-O g6 {Up to
this point we are following main theory. Instead of the text move, 9...Bg4 was
played by Carlsen and Anand amongst others. The text is slightly less popular
but also seen frequently.} 10. Na3 Bg7 11. b3 {White has to challenge the c4
pawn, it clamps down the white forces on the queen-side. Once gotten rid of
the nuisance, white can aim to build a strong centre.} cxb3 12. axb3 O-O 13. d4
Bg4 14. h3 Bxf3 15. Qxf3 e5 16. Nb5 {We have reached move 16 in the game, but
still there have been a number of games played. Dubov chose the most popular
and logical move. However, I believe it not to be the most accurate one.} Qd7 (
16... Qd5 $1 {I think this move, aiming for an endgame, is better.}) 17. Rd1 $1
{A strong move, leaving Black a difficult choice.} a6 {With this move Black
initiates a small tactical sequence, which turns out favourable for White. I
believe 17. ..exd4 would still have been good enough for equality.} (17... exd4
18. Nxd4 Nxd4 19. cxd4 {It may seem that White has a very pleasant position
due to the advantage of having the bishop pair in an open position. Yet, with
a couple of strong moves Black can still maintain the balance:} Rfe8 $1 20. Be4
Re6 $1 {Nnext is ...Rae8 and Black seems to have just enough activity.} 21.
Bxb7 $6 {It is unwise to take the pawn, since after} Rae8 {both threats of ...
Rf6 and ... Re1+ are difficult to deal with.}) 18. d5 (18. dxe5 $2 Nxe5 $1 $19
{is not advisable.}) 18... Nb4 {The point of Black's previous move.} (18...
axb5 19. Rxa8 Rxa8 20. dxc6 Qxc6 21. Be4 {With 2 strong bishops for White, the
black position is very unpleasant here.}) 19. Na3 {Playing it simple.} (19.
cxb4 {This is possible, but I was not sure about the complications after both
19... e4 and even 19...Qxb5.}) 19... Nxc2 20. Nxc2 {Tactical events have come
to an end. It is clear that if White manages to coordinate his pieces and push
c3-c4 he will be on top. It is up to Black to create counterplay, but this is
very hard, mainly because the knight b6 is seriously out of the game.} Rac8 (
20... e4 {trying to disrupt White's plans is ineffective:} 21. Qe3 $1 Nxd5 22.
Qc5 Rad8 23. Ne3 {loses a piece for Black.}) 21. c4 {After some consideration
I decided it was worth giving up the exchange, since in return White gets
wonderful positional compensation.} f5 {Although it is an obnoxious choice, I
think my opponent should have decided to take the exchange since in the game
my pawns will steamroll forward and Black finds it difficult to get anything
in return.} (21... e4 22. Qxe4 Rfe8 23. Qf4 Bxa1 24. Nxa1 {is a line I
calculated during the game. Although White is definitely better, nothing is
clear yet.}) 22. Ba3 Rf7 23. Rac1 Re8 24. c5 e4 25. Qe2 Nc8 {This is quite a
sad square for the knight, but there wasn't anything better.} (25... Nxd5 26.
Qc4 {loses the knight.}) 26. Qc4 Na7 {A clever idea, attempting to get the
knight back into the game via b5.} 27. Nd4 f4 28. Ne6 Nb5 {By this point I
knew my position should be winning. Still Black has chances of creating a mess
because of his far advanced pawns on the kingside.} 29. Bb4 (29. Nxg7 $1 {
would have been the best way to finish black off. I was about to go for it,
but then I noticed a defence, or so I thought.} Nxa3 30. c6 bxc6 31. dxc6 Qc8 {
I saw the correct winning line after 31...Qxd1 but here I was not sure how to
win. Hence I went for 29.Bb4. It turns out I missed an easy way:} (31... Qxd1+
32. Rxd1 Nxc4 33. Nxe8 Nb6 34. Rd8 {wins for White.}) 32. Qxf7+ $1 Kxf7 33.
Nxe8 Kxe8 34. c7 {and with Rd8+ next White is completely winning.}) 29... e3 {
My opponent sensibly tries to complicate matters, since in the long run my
strong pawns will be decisive.} 30. Ng5 {I decided to go for the most direct
idea, thinking it was basically game over with Black losing material in every
line. However, I had missed the very inventive idea Dubov came up with.} (30.
fxe3 fxe3 31. Rf1 {In hindsight I would say this would have been a more
practical way of playing, limiting the black counterplay.}) 30... exf2+ 31.
Kxf2 Qf5 $1 32. Nxf7 Re4 {The sequence of 31...Qf5 followed by 32...Re4 had
escaped my attention. Even though I am a full rook up it is not so easy to
deal with the counterplay Black has created.} 33. c6 {After some thinking I
went for this interesting move sacrificing my queen but trying to promote my
c-pawn.} (33. Qc2 {is the computer suggestion, and with the evaluation of +6
we can be sure White is winning. During the game it was not all that clear to
me what was going on though.} Kxf7 34. c6 $1 {The only move to win.} Nd4 (34...
bxc6 35. Qxc6 Rxb4 36. Qb7+ Kg8 37. d6 {is also winning for White.}) 35. cxb7
$1 Nxc2 36. b8=Q Rxb4 37. Qc7+ Kg8 38. Qxc2 {is a nice line, in which White
promoted to a new queen and dealt with Black's threats.}) 33... Kxf7 $2 (33...
Rxc4 $1 {Simply capturing the white queen would have made things much more
complicated for me, especially considering I was planning on recapturing 34.
bxc4 here which turns out to be a severe mistake:} 34. bxc4 (34. Rxc4 $1 {
is probably still winning.}) 34... f3 35. cxb7 fxg2+ 36. Kg1 {was the line I
saw during the game, thinking the pawn is unstoppable.} Qf4 $1 {I had missed
this move, stopping the pawn from queening, and threatening ...Bd4+. Suddenly
Black would be very much back into the game.}) 34. cxb7 Rxc4 35. bxc4 $6 {
Not the most exact way, but it should still be good enough for the win.} (35.
Rxc4 $1 {This counter-intuitive recapture would have been immediately winning,
the key difference being that the rook defends a lot of important squares
along the fourth rank, making it impossible for Black to create any
counterplay against my king.} Qe5 36. Re1 $1 Qb2+ 37. Kf1 Be5 38. Rc8 $18)
35... Qe5 $6 {After this, there will be no more chances.} (35... Be5 $1 {
was the last chance of creating a mess. Nevertheless White is still winning
after} 36. cxb5 f3 37. Rc4 $1 {Once again the rook on the 4th rank proves very
useful, covering all check's from the black queen.} axb5 38. g4 $1 Qf6 39. Re4
$18) 36. cxb5 Qb2+ (36... Qe3+ 37. Kf1 f3 38. Rc7+ Kf6 39. Bc3+ Kf5 40. Rf7+
$18) 37. Kf1 Be5 38. d6 f3 39. gxf3 Qb3 40. Ke2 Qe6 41. Rc7+ {Time control has
been reached, and there should be many ways to win. I chose the most
straightforward one.} Kf6 42. b8=Q Bf4+ {Black has a few checks, but the white
king will find shelter, after which the huge material surplus will tell.} 43.
Kd3 Qd5+ 44. Kc2 Qa2+ 45. Kc3 Be5+ 46. Kd3 Qb3+ 47. Ke2 1-0

[Event "Tata Steel-A 82nd"]
[Site "Wijk aan Zee"]
[Date "2020.01.14"]
[Round "4"]
[White "So, Wesley"]
[Black "Firouzja, Alireza"]
[Result "1-0"]
[WhiteElo "2765"]
[BlackElo "2723"]
[Annotator "So,Wesley"]
[PlyCount "93"]
[EventDate "2020.01.11"]
[EventType "tourn"]
[EventRounds "13"]
[EventCountry "NED"]
[EventCategory "20"]
[SourceTitle "CBM 194"]
[Source "ChessBase"]
[SourceDate "2020.01.27"]
[SourceVersion "1"]
[SourceVersionDate "2020.01.27"]
[SourceQuality "1"]

{Back to wild and wonderful Wijk aan Zee. I have been playing this January
tournament ever since i was 14 years old and coming back is always a bit like
coming home. The fact that very little ever changes is comforting. The beach
with the silver sea, the small paths through the tall grass, the local Spar
for cheese pastries, the hot coffee in every shop, fried kibbeling in Juliana
plein, the same dogs or their children, and pony and goatee still grazing in
their small field (honestly how old are those two?).... It's all so comforting
and gives a feeling of happiness for someone who travels constantly for his
job and is always in new places. Even our hotel room doesn't change which is
nice because I know exactly where my few items should go. Before this game
Alireza had just been on a tear, winning two games and leading the tournament
with 2.5/3. What to do? Just try my best I guess.} 1. d4 {Against 1.e4 Alireza
plays many different Sicilians, in particular he also plays the Najdorf. Now
in the Najdorf it's almost impossible to gain an advantage against it these
days, and the positions possibly suit his style very well. Against 1.c4 he
plays 1...e5, so we could get a form of Reversed Sicilian. I decided to keep
it simple and play 1.d4.} d5 {He also plays 1...Nf6. For example against
Caruana he played the King's Indian! I also prepared for the King's Indian,
however after Ding Liren gave it up 4 years ago, it's very rare to see a 2700+
GM play that opening nowadays. The reason behind this is the King's Indian
feels a bit cramped, and White has too many good systems against it. By the
way his King's Indian game with Caruana is a great game so I suggest you take
a look at that game as well (if you haven't already).} 2. c4 dxc4 {He's only
tried the QGA a few times, but he played it against Duda two days earlier. He
got a really good position that game and was even outplaying Duda. So I
suppose why not try it again?} 3. Nf3 ({The QGA is supposed to have a bad
reputation in view of} 3. e4 {White gains a lot of space, the position is
easier to play for him and a clear-cut way to equality still has to be proven.
I suppose if not for 3.e4, there would be many more players who would be
playing the QGA. Duda-Alireza two days ago continued:} e5 4. Nf3 exd4 5. Qxd4
$6 ({The main line is} 5. Bxc4 Nc6 6. O-O Be6 7. Bxe6 fxe6 8. Qb3 Qd7 9. Qxb7
Rb8 10. Qa6 {[%csl Gc4,Gd3] and Black should be okay here, but he has a lot of
weak squares on the board.}) 5... Qxd4 6. Nxd4 Bc5 7. Nb5 Na6 8. Bf4 Nf6 $15 {
and Black has a small initiative.} 9. N1c3 Ng4 10. Bg3 O-O 11. Bxc4 c6 12. Nd6
b5 13. Bb3 Nxf2 14. Rf1 Nd3+ 15. Kd2 Nxb2 16. Rab1 Nc4+ 17. Nxc4 bxc4 18. Bxc4
Rd8+ 19. Kc2 Nb4+ 20. Kb3 Be6 21. Bxe6 fxe6 22. Rbd1 Be7 23. Kc4 Nc2 24. Rxd8+
Rxd8 25. Rf3 Rd7 26. Ne2 Rd2 27. Nf4 e5 28. Nd3 Na3+ 29. Kb3 Nb5 30. Bxe5 Rxg2
31. Rg3 Rxg3 32. Bxg3 Nd4+ 33. Kc4 Nf3 34. Bb8 a5 35. a4 Nd2+ 36. Kd4 Nb3+ 37.
Kc4 Nd2+ 38. Kd4 g5 39. Ne5 Bf6 {1/2-1/2 (39) Duda,J (2758)-Firouzja,A (2723)
Wijk aan Zee 2020}) 3... Nf6 4. e3 {Instead of 3.e4, I decided to play this
variation instead. I was not sure how deep his preparation was against 3.e4,
as he does not have enough games and he seemed very confident to face it.} e6
5. Bxc4 c5 6. O-O a6 {The main line of the classical QGA. Black has also
played 6...Nc6 in recent games, but I think that line is not as superior. 6...
a6 is definitely more solid.} 7. b3 {White has many moves here, but I played
this move 7.b3 before and it's a playable move. It's not a very concrete
forcing variation, but I like the arising positions after it.} ({There is
another variation here with} 7. Be2 {a prophylactic move, intending to capture
on c5 or occupy the center depending on what Black does. If Black takes on d4}
cxd4 8. exd4 (8. Nxd4 {leads to a different position.}) 8... Nc6 9. Nc3 {
we transpose to my game against Vladislav Artemiev played a few days later on
the 7th round. In that game (I had Black) I did not experience too many
problems.} Be7 10. Be3 Ng4 $1 11. Bf4 Nf6 {This knight manoever was Caruana's
idea actually. He played it against Levon Aronian two years ago. The point is
to keep d4 under control so White cannot jump to e5 with Ne5. It's
surprisingly difficult to get anything here.} 12. Rc1 O-O 13. Be3 Ng4 14. Bd3
Nxe3 15. fxe3 b6 16. Be4 Bb7 17. Ne5 Nxe5 18. Bxb7 Ra7 19. Be4 Nd7 20. Qe2 b5
21. Bf3 Rc7 22. a4 bxa4 23. Qxa6 a3 24. bxa3 Qc8 25. Qxc8 Rfxc8 26. Ne2 Rxc1
27. Rxc1 Rxc1+ 28. Nxc1 Bxa3 29. Nd3 Kf8 30. Bc6 Nb6 31. e4 Ke7 32. e5 Nc4 33.
Kf2 f6 34. Bb5 Nb2 35. Nf4 fxe5 36. dxe5 Nd1+ 37. Kf3 Bb2 38. Ba4 Nc3 39. Bc6
Na2 40. Nd3 Bc3 41. Be4 {1/2-1/2 (41) Artemiev,V (2731)-So,W (2765) Wijk aan
Zee 2020}) ({I guess} 7. Bb3 {might be the sharpest move for White here.}) 7...
cxd4 8. Nxd4 Be7 9. Bb2 O-O {We were both playing fast as we were actually
following my game against Mamedyarov played a few months back. Also current
theory indicates that this is Black's best defense.} 10. Be2 {Preparing to
meet b5 with Bf3.} ({The Mamedyarov game went} 10. Nd2 b5 11. Be2 Bb7 12. a4
Nc6 $11 {when White got absolutely nothing from the opening.} 13. Bf3 Nd5 14.
axb5 Nxd4 15. Bxd4 axb5 16. Ne4 b4 17. Qd2 Qb8 18. Bc5 Rxa1 19. Rxa1 Qc7 20.
Bxe7 Qxe7 21. Ra7 Rc8 22. Rxb7 Qxb7 23. Nd6 Qc7 24. Nxc8 Qxc8 25. Bxd5 exd5 26.
h4 Qc5 27. h5 Kf8 28. g3 Ke7 29. Qd1 f5 30. Qd3 (30. Qa1 Qc3 $11) 30... Kf6 31.
Kg2 Kg5 32. f4+ Kf6 33. g4 fxg4 34. Qxh7 Qc3 35. Qg6+ Ke7 36. Qxg4 Kd6 37. Kf3
Qxb3 38. Qxg7 Qd1+ {1/2-1/2 (38) So,W (2763)-Mamedyarov,S (2765) Riga 2019})
10... Bd7 11. Nd2 ({The problem with} 11. Bf3 $2 {is} e5 {the white knight has
no good squares to go to.}) 11... Nc6 12. Rc1 {We both continue developing our
pieces.} Rc8 ({Here I thought the best move was} 12... Nxd4 13. Bxd4 Bc6 {
placing his pieces on solid squares. After} 14. Nc4 Rc8 {Black is very close
to equality. But in the game with 12...Rc8, I was able to keep more pieces on
the board.}) 13. N4f3 {Preventing the minor piece trade. I was still on my
preparation.} b5 14. a3 {Controlling the dark-squares on the queenside.} Qb6
15. Rc2 {[%cal Gd1b1,Gf1c1] Slowly improving the position of my pieces. The
idea of this mysterious rook move is to free squares and swing my Queen and
the other Rook over to the queenside. White is slightly better here as his
pieces control more vital squares (I control d4,e4, and e5 squares) and my
pieces are more harmonious than his. But Black has no weaknesses.} (15. Bd3 {
is an alternative. Putting the bishop on a more active square.}) 15... e5 $5 {
Interesting. Black does not want to play passively and he wants to activate
his pieces right away. I was expecting the more solid 15...Rfd8 or 15...Nd5.}
16. Bd3 {Controlling the e4-square and activating my bishop.} ({However
stronger was} 16. Qb1 {White just wants to double rooks on the c-file.} e4 (
16... Bf5 {does not work due to} 17. Rxc6) (16... Rfd8 17. Rfc1 $14) 17. Ng5
Bf5 18. Rfc1) ({I think Black is okay after} 16. Nxe5 Nxe5 17. Bxe5 Bxa3 18.
Nf3) 16... Rfd8 17. Qe2 {Preparing Rfc1.} Bg4 (17... Be6 $1 {equalizes
according to the engine. The idea is after} 18. Rfc1 {Black has} e4 $1 {
followed by taking on b3. Therefore 16.Bd3 was not accurate for me.}) 18. Rfc1
{Here I was expecting the solid move 18...Qb7 but Alireza surprised me with
his choice.} Na7 $5 {A very strange move. I would never have considered it!
The knight becomes passive in the corner. However it's not simple to refute it
over the board.} ({I think Black is okay after} 18... Qb7) 19. Rxc8 {Trading
rooks. 19.Bxe5 is possible stronger.} Rxc8 ({If} 19... Nxc8 20. a4 {is better
for White. Black has some weak pawns that needs defending.} bxa4 21. Bxe5 $16)
20. Rxc8+ Nxc8 21. h3 {Forcing Black to give up the bishop pair.} Bxf3 22. Qxf3
Qd8 {Gaining time by attacking the pieces on the d-file.} (22... Qd6 {allows
the extra option} 23. Qf5 $5) 23. Qe2 Qd5 {Now his queen is very well
centralized in the center.} 24. Bc2 {Preparing to challenge his powerful queen
in the center.} ({But it might be better to play} 24. a4 Nd6 (24... bxa4 25.
Bc4) 25. axb5 axb5 26. Ba3 {when White will win a pawn by taking on d6 next
move.}) 24... Nd6 25. Qd3 (25. a4 $5) 25... Qxd3 26. Bxd3 Nd7 27. g4 {White is
just a bit better in this ending, but nothing special. I have the bishop pair,
but they are not yet too active.} g6 28. Ne4 {Preventing him from playing f5.}
Nxe4 ({Simpler was} 28... f6 {to bring the king to e6 and control the
light-squares. I thought that Black should be okay here.}) 29. Bxe4 Nc5 30. Bc2
e4 $2 {Alireza goes for active play, however he probably miscalculated as now
this pawn is overextended and in great danger.} 31. b4 Nd3 32. Bc3 Kf8 ({After
} 32... Bh4 33. Kf1 {[%cal Gf2f3] is what he probably missed. Now he cannot
take on f2, and White will slowly round up the e4-pawn.} Nxf2 {loses because
of the pin} 34. Be1 {[%cal Ge1h4] winning a piece.}) 33. Kf1 {Slowly
approaching the center.} f5 34. Ke2 $6 {Here I considered other alternatives
too:} ({At first} 34. f4 {fixing the pawn structure, in particular Black's
pawns on the light-squares are very vulnerable. But Black has} Bd8 $1 {with
counterplay on the e3-pawn. So this is not enough.}) ({Apparently best was} 34.
gxf5 $1 gxf5 35. Bb3 Bh4 {when White can attack Black's pawns with Be6 or
Bd5-b7. White has good practical chances to win.} 36. Bd5 $1 {[%cal Gd5b7,
Gb7a6,Ga6b5]}) 34... Bd8 ({After the game Alireza pointed out that} 34... h5 $1
{is enough to hold. And indeed I cannot find a win here. Black sets up a
fortress and holds even down a pawn.} 35. gxf5 gxf5 36. Bxd3 exd3+ 37. Kxd3 Kf7
{and Black just puts his king on e6. Unlike in the game White here cannot
invade with his king.}) 35. Bxd3 exd3+ 36. Kxd3 Kf7 37. e4 (37. Kd4 Bf6+ {
forces the king to go back.}) 37... fxg4 $2 {After this unfortunate exchange,
Black loses as White is able to invade with the king.} (37... f4 $1 {[%cal
Gf7e6] was the last chance to try and hold. The point is that my king cannot
approach as 38.Kd4 is met by Bb6+ winning the f2-pawn. After Ke6 it seems that
Black has a fortress. So perhaps it's just a draw!}) 38. hxg4 g5 $2 (38... h5
39. gxh5 gxh5 {gives White two pawns in the center without any obstacles. I'm
pretty confident White should be able to win this, however I do not want to
analyse too deeply, so I'll leave it to you to decide.}) 39. Kd4 {If Black's
king were on e6 he can hold, as now he has Bb6+ preventing my king from
invading. But now Black is helpless as he does not have any counterplay.} Bb6+
40. Kd5 Bxf2 41. Kc6 {[%cal Gc6d7,Gc6b7] Threatening Kd7 or Kb7. Making sure
that Black cannot create a passed pawn on the kingside.} Ke6 42. Kb7 Kd7 43.
Kxa6 Kc6 44. e5 Be3 45. e6 Bc1 46. a4 bxa4 47. Be5 {Now Black cannot prevent
White from queening one of the pawns, so Alireza resigned. This was a nice win
for me. It's clear that my opponent is talented, and I am sure we will see
more exciting games from him in the future. As for me I finished my long walk
through Wijk Aan Zee with +2. It's clear that there are a lot of improvements
necessary for me to become a better player, and find ways to retain energy
until the end of the tournament. I really like Wijk Aan Zee, it's people and
particularly the chess organizers. They all go the extra mile and make a month
long tournament proceed smoothly and graciously. Thank you Jeroen Van den Berg,
Myra Rooselaar, and the focused, efficient and generous Tata Steel Chess team.}
(47. Be5 Ba3 48. Ka5 $18) 1-0